000
00321 a2200157 4500
001
69041
020
_a
853430436X
040
_c
Anchieta - Itaigara
100
_a
RennĂ³, Regina
240
1
0
_a
A de amigo
_l
por
245
1
0
_a
A de amigo
300
_a
22
362
0
_a
1995
650
4
_a
Literatura infantil
942
_c
BK
999
_c
69041
_d
69041